| 000 | 01046 a2200241 4500 | ||
|---|---|---|---|
| 005 | 20080908120352.0 | ||
| 008 | 080908t xxu||||| |||| 00| 0 hin d | ||
| 010 | _aHIN-79149 | ||
| 020 |
_c120.00 _a8170633338 |
||
| 035 | _aHN-51496 | ||
| 037 | _bD.B.Act / pub | ||
| 082 | _a570 | ||
| 100 | _aमंगल, एस.के. | ||
| 245 |
_aजीव विज्ञान शिक्षण _cएस.के.मंगल |
||
| 246 |
_aJeev vigyan shikshan _bby S. K. Mangal |
||
| 260 |
_aनई दिल्ली _bआर्य बुक डिपो _c2006 |
||
| 270 |
_a30 नाईवाला, करोल बाग _bनई दिल्ली _k011-25721221 _l011-25716921 |
||
| 300 |
_axiv,322पृ _c24 सेमी (सजिल्द |
||
| 650 | _aजीव विज्ञान | ||
| 650 | _aBiology | ||
| 942 |
_adpl _cHN _k570 / मंगल _2ddc _h570 _mमंगल |
||
| 999 |
_c1292 _d1292 |
||